Päť minút s ekonomikou Včera v STV, dnes v HN

RM-Systém Slovakia - súčasť nášho kapitálového trhu. Systém periodickej aukcie. Kontrola v stredisku cenných papierov. Systém priebežnej aukcie.

Salvato in:
Dettagli Bibliografici
Autore principale: Pinter, Michal
Natura: Capitolo di libro
Lingua:slovacco
Soggetti:
Tags: Aggiungi Tag
Nessun Tag, puoi essere il primo ad aggiungerne!!

MARC

LEADER 00000naa a2200000 4500
001 r014857
005 20220408112557.7
041 0 |a slo 
044 |a SK 
245 1 0 |a Päť minút s ekonomikou  |b Včera v STV, dnes v HN  |c Michal Pinter 
520 |a RM-Systém Slovakia - súčasť nášho kapitálového trhu. Systém periodickej aukcie. Kontrola v stredisku cenných papierov. Systém priebežnej aukcie. 
610 2 0 |a RM-Systém Slovakia 
610 2 0 |a trh kapitálový 
610 2 0 |a aukcie 
610 2 0 |a Slovensko 
100 1 |a Pinter, Michal